| 000 | 00403cam a22001217a 4500 | ||
|---|---|---|---|
| 008 | 180718b1991 xxu||||| |||| 00| 0 eng d | ||
| 082 | _aAPPPA 90-91 DIW | ||
| 100 | _aDiwan, Virendra | ||
| 245 |
_aSystem of cost accounting in ordnance factories _cby Virendra Diwan |
||
| 260 |
_aNew Delhi _bIndian Institute of Public Administration _c1991 |
||
| 300 | _a67p. | ||
| 650 | _aCost accounting-Ordnance factories | ||
| 999 |
_c501547 _d501547 |
||